| 000 | 00404nam a2200157Ia 4500 | ||
|---|---|---|---|
| 008 | 230917s9999||||xx |||||||||||||| ||und|| | ||
| 040 |
_e219440 _aMAIN |
||
| 041 | _aEnglish | ||
| 082 | _a005.133 B181O(6) | ||
| 100 | _aBalagurusamy, E | ||
| 245 | 0 | _aObject-oriented programming with C++ | |
| 250 | _a6th ed. | ||
| 260 |
_aNew Delhi _bTata McGraw-Hill _c2013 |
||
| 300 | _axviii, 543 p. | ||
| 942 | _cBK | ||
| 999 |
_c135593 _d135593 |
||